| 000 | 01380cam a2200229 4500 | ||
|---|---|---|---|
| 001 | ABS65442 | ||
| 008 | 020422n2002 000 0 eng u | ||
| 035 | _a(Sirsi) u117606 | ||
| 100 | _aGeorge, J | ||
| 245 | _aOutsource your resource | ||
| 260 | _c2002 | ||
| 490 |
_aEstates Gazette _v(0212) 23 March 2002, 128-129(2) |
||
| 520 | _aDiscusses the potential of the real estate outsourcing market, questioning whether outsourcing will remain a one-off solution for a few prominent property owners, or appeal to a wider audience. Explains the different objectives of those who have outsourced their property portfolios including the 'finance solution', the 'total property solution' and the 'business process outsourcing'. Looks at recent outsourcing transactions involving British Telecom, Abbey National, the BBC, and the Department of Social Security's PRIME project. Discusses the key issues and problems involved in outsourcing, concluding that the property market should take an active role in developing a recognisable outsourcing product(s), starting with a basic structure such as sale-and-leaseback, coupled with a range of options. | ||
| 590 | _aABS | ||
| 650 | _aTRANSACTIONS | ||
| 650 | _aPROPERTY MARKET | ||
| 650 | _aSALE AND LEASEBACK | ||
| 650 | _aOUTSOURCING | ||
| 690 |
_aPROPERTY MANAGEMENT _96262 |
||
| 700 | _aPazzi-Axworthy, R | ||
| 942 | _n0 | ||
| 999 |
_c70031 _d70031 |
||